[Event "CZE-chT2C 2223"]
[Site "Czech Republic"]
[Date "2022.12.04"]
[Round "4.8"]
[White "Hadzala, Daniel"]
[Black "Belousek, Michal"]
[Result "1/2-1/2"]
[WhiteElo "1955"]
[BlackElo "1955"]
[PlyCount "80"]
[EventDate "2022.10.16"]
[EventType "team-tourn"]
[EventRounds "11"]
[EventCountry "CZE"]
[SourceTitle "EXT 2024"]
[Source "ChessBase"]
[SourceDate "2023.10.10"]
[SourceVersion "1"]
[SourceVersionDate "2023.10.10"]
[SourceQuality "1"]
[WhiteTeam "Neratovice II"]
[BlackTeam "Kutna Hora"]
[WhiteTeamCountry "CZE"]
[BlackTeamCountry "CZE"]

1. Nf3 Nf6 2. g3 b6 3. Bg2 Bb7 4. 0-0 e6 5. d3 Be7 6. e4 d6 7. Nbd2 0-0 8. c3 c5 9. Qc2 Nbd7 10. Re1 Qc7 11. Nf1 Ne5 12. Nxe5 dxe5 13. Ne3 Rfd8 14. a4 a6 15. Bf1 b5 16. axb5 axb5 17. Rxa8 Rxa8 18. f3 Ra2 19. Be2 Qa5 20. Bd1 Bc6 21. Qd2 Qc7 22. Bb3 Ra8 23. Qf2 Rd8 24. Bc2 Bd6 25. Rf1 Bb7 26. Qe2 Qb8 27. Ng2 Qc7 28. Bb3 Rc8 29. c4 Ba6 30. f4 Rd8 31. f5 bxc4 32. Bxc4 Bxc4 33. dxc4 Qc6 34. Bg5 Be7 35. Bxf6 Bxf6 36. fxe6 fxe6 37. Qg4 Kh8 38. Ra1 Qd6 39. Qe2 Qd4+ 40. Kh1 Bg5 1/2-1/2

[Event "CZE-chT2C 1920"]
[Site "Czech Republic"]
[Date "2020.02.09"]
[Round "8.8"]
[White "Hlozek, David"]
[Black "Hadzala, Daniel"]
[Result "1-0"]
[WhiteElo "1975"]
[BlackElo "2094"]
[PlyCount "105"]
[EventDate "2019.10.13"]
[EventType "team-tourn"]
[EventRounds "11"]
[EventCountry "CZE"]
[SourceTitle "EXT 2024"]
[Source "ChessBase"]
[SourceDate "2023.10.10"]
[SourceVersion "1"]
[SourceVersionDate "2023.10.10"]
[SourceQuality "1"]
[WhiteTeam "Jicin"]
[BlackTeam "Neratovice II"]
[WhiteTeamCountry "CZE"]
[BlackTeamCountry "CZE"]

1. e4 e6 2. d4 d5 3. Nd2 Nf6 4. e5 Nfd7 5. f4 c5 6. c3 b6 7. Ndf3 Ba6 8. Bxa6 Nxa6 9. Ne2 b5 10. a3 Be7 11. 0-0 h5 12. Qd3 c4 13. Qc2 g6 14. Bd2 Qb6 15. b3 Nc7 16. bxc4 bxc4 17. Rfb1 Qc6 18. a4 Kf8 19. a5 Kg7 20. Qa2 Rab8 21. Bc1 Rxb1 22. Rxb1 Rb8 23. Rxb8 Nxb8 24. h3 Qb5 25. g4 Qb3 26. Qd2 hxg4 27. hxg4 Ba3 28. f5 Bxc1 29. Qxc1 exf5 30. gxf5 Nd7 31. fxg6 fxg6 32. Qg5 Qb1+ 33. Kg2 Qf5 34. Qxf5 gxf5 35. Nh4 Nb8 36. Nxf5+ Kf7 37. Nd6+ Ke6 38. Kf3 Nc6 39. Nb7 Kd7 40. Nc5+ Kc8 41. a6 Nb5 42. Kf4 Kd8 43. Kf5 Ke7 44. Na4 Nb8 45. Nf4 Nc7 46. Nc5 Nd7 47. e6 Nxc5 48. dxc5 d4 49. cxd4 c3 50. d5 Nxa6 51. d6+ Ke8 52. c6 c2 53. Ne2 1-0

[Event "CZE-chT2C 1920"]
[Site "Czech Republic"]
[Date "2019.12.01"]
[Round "4.8"]
[White "Smolik, Jachym"]
[Black "Hadzala, Daniel"]
[Result "1-0"]
[WhiteElo "1900"]
[BlackElo "2094"]
[PlyCount "95"]
[EventDate "2019.10.13"]
[EventType "team-tourn"]
[EventRounds "11"]
[EventCountry "CZE"]
[SourceTitle "EXT 2024"]
[Source "ChessBase"]
[SourceDate "2023.10.10"]
[SourceVersion "1"]
[SourceVersionDate "2023.10.10"]
[SourceQuality "1"]
[WhiteTeam "Ricany 1925"]
[BlackTeam "Neratovice II"]
[WhiteTeamCountry "CZE"]
[BlackTeamCountry "CZE"]

1. d4 Nf6 2. Nf3 d6 3. c4 Nbd7 4. Nc3 e5 5. d5 Be7 6. e4 c5 7. Qc2 Nf8 8. h3 Ng6 9. Be2 h5 10. Be3 h4 11. Nh2 Nh7 12. Bg4 0-0 13. Bxc8 Qxc8 14. 0-0-0 f5 15. exf5 Qxf5 16. Ne4 Ng5 17. Bxg5 Bxg5+ 18. Kb1 Rad8 19. g3 a6 20. f4 Be7 21. g4 Qf7 22. f5 Nf4 23. Nf3 b5 24. g5 Qxf5 25. Nf6+ Rxf6 26. gxf6 Qxc2+ 27. Kxc2 Bxf6 28. Nd2 Kf7 29. cxb5 axb5 30. Ne4 Kg6 31. Nc3 b4 32. Ne4 Kf5 33. Nf2 c4 34. a4 b3+ 35. Kc3 Rc8 36. Kb4 Rc5 37. Ng4 Nxd5+ 38. Rxd5 Rxd5 39. Ne3+ Ke6 40. Nxd5 Kxd5 41. Rd1+ Kc6 42. Kxc4 e4 43. Kxb3 d5 44. a5 e3 45. Kc2 d4 46. Kd3 Kb5 47. Ra1 Ka6 48. b4 1-0

[Event "CZE-chT2C 1920"]
[Site "Czech Republic"]
[Date "2019.11.17"]
[Round "3.8"]
[White "Hadzala, Daniel"]
[Black "Daniel, Jiri1111"]
[Result "1-0"]
[WhiteElo "2094"]
[BlackElo "1950"]
[PlyCount "129"]
[EventDate "2019.10.13"]
[EventType "team-tourn"]
[EventRounds "11"]
[EventCountry "CZE"]
[SourceTitle "EXT 2024"]
[Source "ChessBase"]
[SourceDate "2023.10.10"]
[SourceVersion "1"]
[SourceVersionDate "2023.10.10"]
[SourceQuality "1"]
[WhiteTeam "Neratovice II"]
[BlackTeam "Lysa nad Labem Joly III"]
[WhiteTeamCountry "CZE"]
[BlackTeamCountry "CZE"]

1. Nf3 c5 2. g3 Nc6 3. Bg2 g6 4. d3 d5 5. 0-0 Bg7 6. Nbd2 Nf6 7. e4 dxe4 8. dxe4 0-0 9. Re1 e5 10. c3 Qe7 11. a4 b6 12. Nc4 Rd8 13. Qc2 Ba6 14. Bf1 Bb7 15. Qb3 Qc7 16. Bg5 h6 17. Bxf6 Bxf6 18. a5 Nxa5 19. Nxa5 bxa5 20. Bc4 Bc8 21. Bd5 Rb8 22. Qc2 Qb6 23. Ra2 Be6 24. Bxe6 fxe6 25. Qe2 Rd7 26. Nd2 Bd8 27. Nc4 Qb3 28. Ra3 Qb5 29. Nxe5 Rg7 30. Qxb5 Rxb5 31. Rd1 Bc7 32. Nc4 Kf8 33. Kf1 g5 34. Ke2 h5 35. Kd3 Rf7 36. Rd2 h4 37. Kc2 Ke7 38. Rb3 a6 39. Na3 Rb8 40. Rxb8 Bxb8 41. Kb3 c4+ 42. Nxc4 Ba7 43. Ne5 Rxf2 44. Rd7+ Kf6 45. Ng4+ Kg6 46. Nxf2 Bxf2 47. g4 Kf6 48. Kc4 Ke5 49. Kd3 Bg1 50. h3 Kf4 51. Ke2 Kg3 52. Re7 Kxh3 53. Kf3 Kh2 54. Rxe6 h3 55. Rh6 Bc5 56. b3 Bf8 57. Rxa6 Bg7 58. Rxa5 Bxc3 59. Rxg5 Kh1 60. Rh5 h2 61. g5 Kg1 62. g6 h1Q+ 63. Rxh1+ Kxh1 64. b4 Bd4 65. b5 1-0

[Event "Ricany op-A"]
[Site "Ricany"]
[Date "2019.08.25"]
[Round "2"]
[White "Strnad, Michael"]
[Black "Hadzala, Daniel"]
[Result "0-1"]
[WhiteElo "1726"]
[BlackElo "2047"]
[PlyCount "56"]
[EventDate "2019.08.24"]
[EventType "swiss"]
[EventRounds "9"]
[EventCountry "CZE"]
[SourceTitle "EXT 2020"]
[Source "ChessBase"]
[SourceDate "2019.10.17"]
[SourceVersion "1"]
[SourceVersionDate "2019.10.17"]
[SourceQuality "1"]

1. d4 Nf6 2. c4 d6 3. Nf3 Nbd7 4. g3 e5 5. Nc3 c6 6. Bg2 Be7 7. 0-0 0-0 8. e4 Re8 9. b3 Bf8 10. Bb2 exd4 11. Nxd4 Nc5 12. Re1 a5 13. Qc2 Qb6 14. h3 a4 15. Rad1 axb3 16. axb3 Nfd7 17. Kh1 Nb8 18. g4 Nba6 19. Nce2 Nb4 20. Qb1 Bd7 21. Ng3 Ra2 22. Ngf5 g6 23. Ng3 Rxb2 24. Qxb2 Ncd3 25. Qc3 Nxf2+ 26. Kh2 Nxd1 27. Rxd1 Bg7 28. Nge2 c5 0-1

[Event "Prague op-B 18th"]
[Site "Prague"]
[Date "2019.01.18"]
[Round "9"]
[White "Simkin, Alexander"]
[Black "Hadzala, Daniel"]
[Result "1-0"]
[WhiteElo "1742"]
[BlackElo "2023"]
[PlyCount "75"]
[EventDate "2019.01.11"]
[EventType "swiss"]
[EventRounds "9"]
[EventCountry "CZE"]
[SourceTitle "CBM 188 Extra"]
[Source "ChessBase"]
[SourceDate "2019.02.26"]
[SourceVersion "1"]
[SourceVersionDate "2019.02.26"]
[SourceQuality "1"]

1. d4 Nf6 2. c4 d6 3. Nc3 Nbd7 4. Nf3 e5 5. e4 Be7 6. Be2 c6 7. 0-0 0-0 8. Bg5 Re8 9. Qc2 Qc7 10. Rac1 h6 11. Bd2 exd4 12. Nxd4 Bf8 13. Be3 Nc5 14. f3 a5 15. Rfd1 Bd7 16. a3 a4 17. b4 axb3 18. Nxb3 Rxa3 19. Nxc5 dxc5 20. Qb2 Raa8 21. Rb1 Bc8 22. Rd3 Nd7 23. f4 Nb8 24. Rbd1 Na6 25. Qd2 Be7 26. f5 Nb4 27. Bf4 Qa5 28. Rg3 Rd8 29. Qe3 Rxd1+ 30. Bxd1 Kf8 31. Bxh6 gxh6 32. Qxh6+ Ke8 33. Rg8+ Kd7 34. f6 Bd8 35. Qd2+ Nd5 36. exd5 Bxf6 37. dxc6+ Kxc6 38. Qd5+ 1-0

[Event "Ricany op-A"]
[Site "Ricany"]
[Date "2017.09.01"]
[Round "8"]
[White "Kulhanek, Tomas"]
[Black "Hadzala, Daniel"]
[Result "1-0"]
[WhiteElo "2324"]
[BlackElo "2116"]
[PlyCount "43"]
[EventDate "2017.08.26"]
[EventType "swiss"]
[EventRounds "9"]
[EventCountry "CZE"]
[SourceTitle "CBM 180 Extra"]
[Source "ChessBase"]
[SourceDate "2017.10.06"]
[SourceVersion "1"]
[SourceVersionDate "2017.10.06"]
[SourceQuality "1"]

1. e4 d6 2. d4 Nf6 3. Nc3 c6 4. f4 Qa5 5. Bd3 e5 6. Nf3 Nbd7 7. Qe2 Be7 8. Bd2 Qc7 9. 0-0 exd4 10. Nxd4 Nc5 11. Kh1 Nxd3 12. cxd3 0-0 13. f5 Nd7 14. Rac1 Re8 15. Nd5 Qd8 16. Rxc6 Nc5 17. b4 Bf6 18. bxc5 bxc6 19. Nxc6 Qd7 20. Nxf6+ gxf6 21. Qg4+ Kh8 22. Qh4 1-0

[Event "Ricany op-A"]
[Site "Ricany"]
[Date "2017.08.30"]
[Round "6"]
[White "Skala, Jaromir"]
[Black "Hadzala, Daniel"]
[Result "0-1"]
[WhiteElo "1942"]
[BlackElo "2116"]
[PlyCount "156"]
[EventDate "2017.08.26"]
[EventType "swiss"]
[EventRounds "9"]
[EventCountry "CZE"]
[SourceTitle "CBM 180 Extra"]
[Source "ChessBase"]
[SourceDate "2017.10.06"]
[SourceVersion "1"]
[SourceVersionDate "2017.10.06"]
[SourceQuality "1"]

1. d4 Nf6 2. Nf3 d6 3. c4 Nbd7 4. Nc3 e5 5. e4 Be7 6. Be2 0-0 7. 0-0 c6 8. a3 exd4 9. Nxd4 Nc5 10. Bf3 a5 11. Be3 a4 12. b4 axb3 13. Nxb3 Nxb3 14. Qxb3 Qa5 15. Ne2 Re8 16. Rfd1 Bf8 17. Ng3 Nd7 18. Nf5 Nc5 19. Qb1 Bxf5 20. exf5 Qc7 21. f6 g6 22. h4 Nd7 23. Bd4 Ne5 24. Be2 Bh6 25. h5 Bg5 26. hxg6 hxg6 27. f4 Bxf4 28. Rf1 Bg5 29. Bh5 Qd8 30. Bxe5 Rxe5 31. Bxg6 Bxf6 32. Bxf7+ Kxf7 33. Qh7+ Ke6 34. Qh3+ Ke7 35. Qh7+ Ke8 36. Qg6+ Kd7 37. Rxf6 Kc7 38. Rd1 Rxa3 39. Rfxd6 Qg5 40. Rd7+ Kb8 41. Qxg5 Rxg5 42. Rb1 Ra7 43. Rf1 Ra2 44. Rb1 Rgxg2+ 45. Kf1 Rgb2 46. Rbd1 Ka7 47. R7d4 Kb6 48. Rf4 Rh2 49. Kg1 Rag2+ 50. Kf1 Rh1+ 51. Kxg2 Rxd1 52. Kf2 Kc5 53. Ke2 Rd4 54. Rf7 b6 55. Rc7 Rxc4 56. Kd3 b5 57. Rh7 Rd4+ 58. Kc3 b4+ 59. Kb3 Rd3+ 60. Kc2 Rg3 61. Rh5+ Kc4 62. Rh4+ Kb5 63. Rh5+ c5 64. Kb2 Rc3 65. Rh8 Rd3 66. Rh5 Kc4 67. Rh4+ Rd4 68. Rh2 b3 69. Rh8 Rd2+ 70. Kb1 Kc3 71. Rh3+ Rd3 72. Rh1 Kb4 73. Kb2 Rd2+ 74. Kc1 Rg2 75. Kb1 Ka3 76. Ka1 c4 77. Rf1 b2+ 78. Kb1 c3 0-1

[Event "Prague Holiday K21"]
[Site "Prague"]
[Date "2016.07.24"]
[Round "1"]
[White "Hadzala, Daniel"]
[Black "Hammerman, Christian"]
[Result "1-0"]
[WhiteElo "2076"]
[BlackElo "1797"]
[PlyCount "47"]
[EventDate "2016.07.24"]
[EventType "tourn"]
[EventRounds "9"]
[EventCountry "CZE"]
[SourceTitle "EXT 2023"]
[Source "ChessBase"]
[SourceDate "2022.10.05"]
[SourceVersion "1"]
[SourceVersionDate "2022.10.05"]
[SourceQuality "1"]

1. Nf3 Nf6 2. g3 g6 3. Bg2 Bg7 4. 0-0 d6 5. c4 0-0 6. Nc3 e5 7. d3 Nbd7 8. Rb1 Nh5 9. b4 f5 10. Qb3 Kh8 11. Bb2 f4 12. Nd2 Ndf6 13. Nde4 fxg3 14. hxg3 Ng4 15. c5 Nhf6 16. cxd6 cxd6 17. Bc1 Nxe4 18. Nxe4 Bf5 19. Qd5 Bxe4 20. Qxe4 Qd7 21. Bh3 Nxf2 22. Bxd7 Nxe4 23. Rxf8+ Rxf8 24. dxe4 1-0

[Event "CZE-chT2B 1516"]
[Site "Czech Republic"]
[Date "2015.11.08"]
[Round "2.7"]
[White "Joukl, Zdenek"]
[Black "Hadzala, Daniel"]
[Result "1/2-1/2"]
[WhiteElo "2098"]
[BlackElo "2075"]
[PlyCount "37"]
[EventDate "2015.10.18"]
[EventType "team-tourn"]
[EventRounds "11"]
[EventCountry "CZE"]
[SourceTitle "EXT 2022"]
[Source "ChessBase"]
[SourceDate "2021.10.06"]
[SourceVersion "1"]
[SourceVersionDate "2021.10.06"]
[SourceQuality "1"]
[WhiteTeam "Bakov nad Jizerou"]
[BlackTeam "Neratovice II"]
[WhiteTeamCountry "CZE"]
[BlackTeamCountry "CZE"]

1. d4 Nf6 2. Bg5 d6 3. Bxf6 exf6 4. e3 g6 5. Bd3 Bg7 6. Qf3 c6 7. Nd2 Qe7 8. Ne2 Nd7 9. Nf4 f5 10. 0-0 0-0 11. c3 Re8 12. e4 fxe4 13. Nxe4 Nf6 14. Rae1 Bd7 15. h3 Nxe4 16. Bxe4 Qf6 17. Ne2 Qxf3 18. Bxf3 Kf8 19. Ng3 1/2-1/2

[Event "Ricany op"]
[Site "Ricany"]
[Date "2015.08.27"]
[Round "7"]
[White "Zizka, Petr"]
[Black "Hadzala, Daniel"]
[Result "0-1"]
[WhiteElo "1886"]
[BlackElo "2045"]
[PlyCount "30"]
[EventDate "2015.08.22"]
[EventType "swiss"]
[EventRounds "9"]
[EventCountry "CZE"]
[SourceTitle "EXT 2023"]
[Source "ChessBase"]
[SourceDate "2022.10.05"]
[SourceVersion "1"]
[SourceVersionDate "2022.10.05"]
[SourceQuality "1"]

1. b3 d6 2. Bb2 e5 3. e3 Nd7 4. Ne2 c6 5. d4 Qc7 6. Nbc3 Ngf6 7. dxe5 dxe5 8. Ng3 Nc5 9. Bd3 g6 10. f4 Bg4 11. Qd2 0-0-0 12. fxe5 Nfd7 13. Nce4 Nxe5 14. Qc3 Ncxd3+ 15. cxd3 Bb4 0-1

[Event "Ricany op"]
[Site "Ricany"]
[Date "2015.08.23"]
[Round "3"]
[White "Tejkal, Jiri"]
[Black "Hadzala, Daniel"]
[Result "0-1"]
[WhiteElo "1909"]
[BlackElo "2045"]
[PlyCount "54"]
[EventDate "2015.08.22"]
[EventType "swiss"]
[EventRounds "9"]
[EventCountry "CZE"]
[SourceTitle "EXT 2023"]
[Source "ChessBase"]
[SourceDate "2022.10.05"]
[SourceVersion "1"]
[SourceVersionDate "2022.10.05"]
[SourceQuality "1"]

1. d4 Nf6 2. Nf3 d6 3. c4 g6 4. Nc3 Bg7 5. e4 0-0 6. Be2 Nbd7 7. 0-0 e5 8. Re1 Re8 9. d5 Nc5 10. Bf1 a5 11. b3 Nh5 12. g3 f5 13. Nd2 f4 14. Be2 Nf6 15. Rb1 h5 16. f3 Bh3 17. Nf1 g5 18. a3 a4 19. Nxa4 Nxa4 20. bxa4 Qb8 21. Bd3 Qa7+ 22. Kh1 Qf2 23. Ne3 fxe3 24. Rg1 g4 25. Be2 gxf3 26. Bxf3 Ng4 27. Bg2 e2 0-1

[Event "Prague Holiday M31"]
[Site "Prague"]
[Date "2015.08.06"]
[Round "7"]
[White "Krivanek, Vladimir"]
[Black "Hadzala, Daniel"]
[Result "1-0"]
[WhiteElo "2105"]
[BlackElo "2068"]
[PlyCount "49"]
[EventDate "2015.08.02"]
[EventType "tourn"]
[EventRounds "9"]
[EventCountry "CZE"]
[SourceTitle "EXT 2017"]
[Source "ChessBase"]
[SourceDate "2016.10.25"]
[SourceVersion "1"]
[SourceVersionDate "2016.10.25"]
[SourceQuality "1"]

1. e4 e6 2. d4 d5 3. Nc3 Nf6 4. Bg5 Be7 5. e5 Nfd7 6. h4 0-0 7. Bd3 f5 8. g4 Bxg5 9. hxg5 g6 10. gxf5 gxf5 11. Qh5 Rf7 12. Bxf5 exf5 13. Nxd5 Nf8 14. Nf6+ Rxf6 15. gxf6 Qxd4 16. Qg5+ Ng6 17. f7+ Kf8 18. Ne2 Qb4+ 19. c3 Qe7 20. Qh6+ Kxf7 21. Qxh7+ Ke6 22. Qxg6+ Kd5 23. 0-0-0+ Kc5 24. b4+ Kb5 25. Rd5+ 1-0

[Event "Prague Holiday M31"]
[Site "Prague"]
[Date "2015.08.04"]
[Round "5"]
[White "Michalek, Frantisek"]
[Black "Hadzala, Daniel"]
[Result "1/2-1/2"]
[WhiteElo "2000"]
[BlackElo "2068"]
[PlyCount "21"]
[EventDate "2015.08.02"]
[EventType "tourn"]
[EventRounds "9"]
[EventCountry "CZE"]
[SourceTitle "EXT 2017"]
[Source "ChessBase"]
[SourceDate "2016.10.25"]
[SourceVersion "1"]
[SourceVersionDate "2016.10.25"]
[SourceQuality "1"]

1. e4 e6 2. d4 d5 3. exd5 exd5 4. Bd3 Bd6 5. Nc3 c6 6. Nf3 Bg4 7. h3 Bh5 8. 0-0 Ne7 9. Bg5 h6 10. Bxe7 Bxe7 11. Be2 1/2-1/2

[Event "Prague Holiday M11"]
[Site "Prague"]
[Date "2015.07.19"]
[Round "2"]
[White "Hadzala, Daniel"]
[Black "Vystrcil, Martin"]
[Result "1/2-1/2"]
[WhiteElo "2045"]
[BlackElo "1966"]
[PlyCount "31"]
[EventDate "2015.07.19"]
[EventType "tourn"]
[EventRounds "9"]
[EventCountry "CZE"]
[SourceTitle "EXT 2017"]
[Source "ChessBase"]
[SourceDate "2016.10.25"]
[SourceVersion "1"]
[SourceVersionDate "2016.10.25"]
[SourceQuality "1"]

1. c4 Nf6 2. Nc3 g6 3. e4 d6 4. d4 Bg7 5. f4 0-0 6. Nf3 c5 7. d5 e6 8. Be2 exd5 9. e5 dxe5 10. fxe5 Ng4 11. Bg5 Qb6 12. Nxd5 Qxb2 13. Rb1 Qxa2 14. Ra1 Qb2 15. Rb1 Qa2 16. Ra1 1/2-1/2

[Event "Rakovnik Regional-chT 1415"]
[Site "Rakovnik"]
[Date "2015.04.12"]
[Round "11.7"]
[White "Tesar, Martin"]
[Black "Hadzala, Daniel"]
[Result "1/2-1/2"]
[WhiteElo "1996"]
[BlackElo "2102"]
[PlyCount "53"]
[EventDate "2014.10.19"]
[EventType "team-tourn"]
[EventRounds "11"]
[EventCountry "CZE"]
[SourceTitle "EXT 2016"]
[Source "ChessBase"]
[SourceDate "2015.10.08"]
[SourceVersion "1"]
[SourceVersionDate "2015.10.08"]
[SourceQuality "1"]
[WhiteTeam "Dobrovice"]
[BlackTeam "Neratovice II"]
[WhiteTeamCountry "CZE"]
[BlackTeamCountry "CZE"]

1. e4 d6 2. d4 Nf6 3. Nc3 c6 4. f3 Qc7 5. Be3 b5 6. Qd2 Bb7 7. Nge2 a6 8. g4 e5 9. dxe5 dxe5 10. Ng3 g6 11. 0-0-0 Nbd7 12. Kb1 h5 13. gxh5 Nxh5 14. Nxh5 Rxh5 15. h4 Be7 16. Bh3 Nf6 17. Qf2 Bc8 18. Bb6 Qb7 19. Bxc8 Rxc8 20. Bc5 Kf8 21. Ne2 Nd7 22. Bxe7+ Kxe7 23. Ng3 Rh7 24. h5 Rch8 25. f4 Qc7 26. fxe5 Nxe5 27. Qc5+ 1/2-1/2